[Event "4. Bayer Open"]
[Site "Leverkusen"]
[Date "2007.02.26"]
[Round "5"]
[White "Buchkremer, Felix"]
[Black "Hess, Christian"]
[Result "1/2-1/2"]
[WhiteElo "2051"]
[BlackElo "2036"]
[PlyCount "29"]
[EventDate "2007.??.??"]
[EventType "swiss"]
[EventRounds "7"]
[EventCountry "GER"]
[Source "Manfred Birnkot"]
[SourceDate "2007.03.26"]

1. e4 g6 2. d4 d6 3. Nc3 Bg7 4. Be3 a6 5. Qd2 b5 6. Bd3 Bb7 7. a4 b4 8. Nce2 a5
9. c3 bxc3 10. bxc3 Nd7 11. Nf3 c5 12. O-O Qc7 13. Ng3 h5 14. Ng5 c4 15. Bc2
1/2-1/2

[Event "4. Bayer Open"]
[Site "Leverkusen"]
[Date "2007.02.26"]
[Round "5"]
[White "Marcziter, Dmitrii"]
[Black "Lommen, Frank"]
[Result "1-0"]
[WhiteElo "2165"]
[BlackElo "2033"]
[PlyCount "65"]
[EventDate "2007.??.??"]
[EventType "swiss"]
[EventRounds "7"]
[EventCountry "GER"]
[Source "Manfred Birnkot"]
[SourceDate "2007.03.26"]

1. d4 d6 2. Nf3 Nf6 3. g3 g6 4. Bg2 Bg7 5. c4 O-O 6. O-O Nbd7 7. Nc3 e5 8. e4
exd4 9. Nxd4 Re8 10. h3 a6 11. Re1 Rb8 12. Rb1 Ne5 13. b3 c5 14. Nc2 Nc6 15.
Bb2 Be6 16. f4 Nh5 17. Kh2 f5 18. exf5 Bxf5 19. Bd5+ Kh8 20. Ne4 Bxb2 21. Rxb2
Bxe4 22. Bxe4 Qf6 23. Qc1 Ng7 24. Rb1 Nd4 25. Nxd4 Qxd4 26. Qc2 Ne6 27. Qg2 Qg7
28. Bd5 Nd4 29. Re4 Re7 30. Rbe1 {
Schwarz stellte aus Zeitnot die Partienotation ein.} Rxe4 31. Qxe4 h5 32. g4
hxg4 33. hxg4 {Rest der Notation unleserlich. Schwarz gab nach dem 39. Zug auf.
} 1-0

[Event "4. Bayer Open"]
[Site "Leverkusen"]
[Date "2007.02.26"]
[Round "5"]
[White "Böhm, Stefan"]
[Black "Ziabari, Morteza"]
[Result "1-0"]
[WhiteElo "1964"]
[BlackElo "1880"]
[PlyCount "85"]
[EventDate "2007.??.??"]
[EventType "swiss"]
[EventRounds "7"]
[EventCountry "GER"]
[Source "Manfred Birnkot"]
[SourceDate "2007.03.26"]

1. d4 d5 2. c4 e6 3. Nc3 Nf6 4. cxd5 exd5 5. Bg5 c6 6. Qc2 Be6 7. e3 Nbd7 8.
Bd3 Qa5 9. Nge2 Bd6 10. O-O Qc7 11. Bf4 Ng4 12. Nb5 cxb5 13. Qxc7 Bxc7 14. Bxc7
a6 15. Rac1 O-O 16. Rc2 g5 17. Bd6 Rfe8 18. Rc7 b6 19. h3 Nh6 20. Rfc1 f5 21.
Nc3 Nf7 22. Bg3 Nf6 23. Rc6 Nd7 24. Ne2 Nd8 {Schwarz bietet Remis an.} 25. Rc7
Nf6 26. Be5 Nd7 27. Bd6 Nf7 28. Bh2 Nf6 29. R1c6 Ne4 30. Rxb6 Nd2 31. b3 Ne4
32. f3 Nf6 33. Rcc6 Nd8 34. Rd6 Bc8 35. Rxf6 Rxe3 36. Bxf5 Rxe2 37. Bd6 Nf7 38.
Bxh7+ Kxh7 39. Rxf7+ Kg8 40. Rf8+ Kg7 41. Rc6 Bb7 42. Rc7+ Kg6 43. Rxb7 1-0

[Event "4. Bayer Open"]
[Site "Leverkusen"]
[Date "2007.02.26"]
[Round "5"]
[White "Wegener, Marcus"]
[Black "Werner, Michael"]
[Result "1/2-1/2"]
[WhiteElo "1807"]
[BlackElo "1975"]
[PlyCount "44"]
[EventDate "2007.??.??"]
[EventType "swiss"]
[EventRounds "7"]
[EventCountry "GER"]
[Source "Manfred Birnkot"]
[SourceDate "2007.03.26"]

1. e4 c5 2. Nc3 Nc6 3. f4 e6 4. Nf3 Nge7 5. d4 cxd4 6. Nxd4 a6 7. Be3 Nxd4 8.
Qxd4 Nc6 9. Qd2 d6 10. Be2 Be7 11. O-O O-O 12. a4 Qc7 13. a5 Nxa5 14. Na4 Nc6
15. Nb6 Rb8 16. b4 Bd7 17. c4 Rbe8 18. b5 Nb8 19. Na8 Qc8 20. Nb6 Qc7 21. Na8
Qc8 22. Nb6 Qc7 1/2-1/2

[Event "4. Bayer Open"]
[Site "Leverkusen"]
[Date "2007.02.26"]
[Round "5"]
[White "Birnkott, Manfred"]
[Black "Vasiljev, Jurij"]
[Result "0-1"]
[WhiteElo "1905"]
[BlackElo "2058"]
[PlyCount "76"]
[EventDate "2007.??.??"]
[EventType "swiss"]
[EventRounds "7"]
[EventCountry "GER"]
[Source "Manfred Birnkot"]
[SourceDate "2007.03.26"]

1. e4 c5 2. Nf3 e6 3. d4 cxd4 4. Nxd4 a6 5. c4 Nf6 6. f3 Bc5 7. Nb3 Ba7 8. e5
Nh5 9. g3 O-O 10. Bd3 Nc6 11. Qe2 d6 12. f4 dxe5 13. fxe5 g6 14. Bh6 Re8 15.
N1d2 Bb8 16. Nf3 Nxe5 17. Nxe5 Bxe5 18. Qxe5 Qxd3 19. g4 f6 20. Qe2 Qxe2+ 21.
Kxe2 Ng7 22. Rhf1 e5 23. h3 f5 24. Bxg7 Kxg7 25. gxf5 gxf5 26. Nd2 f4 27. Rf3
Bf5 28. Rg1+ Kf6 29. Rb3 Rab8 30. Kf3 b6 31. h4 Red8 32. Rg2 Bc2 33. Ne4+ Bxe4+
34. Kxe4 Rd4+ 35. Kf3 Rxc4 36. Rd2 Kf5 37. Rd5 b5 38. Rbd3 Rg8 0-1

[Event "4. Bayer Open"]
[Site "Leverkusen"]
[Date "2007.02.26"]
[Round "5"]
[White "Proba, Stefan"]
[Black "Keller, Karsten"]
[Result "0-1"]
[WhiteElo "1882"]
[BlackElo "2077"]
[PlyCount "50"]
[EventDate "2007.??.??"]
[EventType "swiss"]
[EventRounds "7"]
[EventCountry "GER"]
[Source "Manfred Birnkot"]
[SourceDate "2007.03.26"]

1. d4 Nf6 2. c4 g6 3. Nc3 Bg7 4. e4 d6 5. f4 O-O 6. Nf3 c5 7. d5 e6 8. Be2 exd5
9. cxd5 Bg4 10. h3 Bxf3 11. Bxf3 b5 12. O-O b4 13. Na4 Nbd7 14. Be3 Re8 15. Qc2
Nxe4 16. Bxe4 Nf6 17. Bxg6 hxg6 18. Bf2 Nxd5 19. Rad1 Nxf4 20. Rd2 Qg5 21. Be1
Nxh3+ 22. Kh1 Nf4 23. g3 Qh5+ 24. Kg1 Bd4+ 25. Bf2 Nh3+ 0-1

[Event "4. Bayer Open"]
[Site "Leverkusen"]
[Date "2007.02.26"]
[Round "5"]
[White "Schimpf, Rolf"]
[Black "Pützkaul, Karl"]
[Result "1/2-1/2"]
[WhiteElo "1822"]
[BlackElo "1874"]
[PlyCount "39"]
[EventDate "2007.??.??"]
[EventType "swiss"]
[EventRounds "7"]
[EventCountry "GER"]
[Source "Manfred Birnkot"]
[SourceDate "2007.03.26"]

1. f4 d5 2. Nf3 Nf6 3. e3 Bg4 4. h3 Bxf3 5. Qxf3 Nbd7 6. b3 e5 7. Bb2 Bd6 8. d3
Qe7 9. Be2 O-O 10. O-O exf4 11. exf4 Rfe8 12. Rf2 Bc5 13. d4 Bd6 14. Nd2 Qe3
15. Bd3 Re7 16. Rd1 Rae8 17. Nf1 Qxf3 18. Rxf3 h5 19. g3 c6 20. a4 1/2-1/2

[Event "4. Bayer Open"]
[Site "Leverkusen"]
[Date "2007.02.26"]
[Round "5"]
[White "Gutt, Oswald"]
[Black "Schipp, Cyrill"]
[Result "1/2-1/2"]
[WhiteElo "1919"]
[BlackElo "1820"]
[PlyCount "130"]
[EventDate "2007.??.??"]
[EventType "swiss"]
[EventRounds "7"]
[EventCountry "GER"]
[Source "Manfred Birnkot"]
[SourceDate "2007.03.26"]

1. d4 d5 2. c4 e6 3. Nc3 Be7 4. Nf3 Nf6 5. Bg5 h6 6. Bxf6 Bxf6 7. e3 O-O 8. Rc1
Re8 9. Be2 c6 10. O-O Nd7 11. e4 dxe4 12. Nxe4 e5 13. Nd6 Re6 14. c5 e4 15. Ne1
Bg5 16. Bc4 Rxd6 17. cxd6 Bxc1 18. Qxc1 Nb6 19. Bb3 Qxd6 20. Qe3 Be6 21. Qxe4
Bxb3 22. axb3 Rd8 23. Nf3 Qd5 24. Qe7 Qd7 25. Qa3 {Weiss bietet Remis an.} a6
26. Re1 Nd5 27. Ne5 Qd6 28. Qa5 Re8 29. g3 Qb4 30. Qxb4 Nxb4 31. Rc1 Rd8 32.
Rc4 Nd5 33. Nd3 Re8 34. Nc5 Re1+ 35. Kg2 b5 36. Rc2 Nb4 37. Rd2 Kf8 38. Kf3 Ke7
39. Re2+ Rxe2 40. Kxe2 Kd6 41. Kd2 Kd5 42. Ke3 Na2 43. Kd3 Nc1+ 44. Kc2 Ne2 45.
Nxa6 Nxd4+ 46. Kc3 c5 47. b4 c4 48. Nc7+ Ke5 49. f4+ Ke4 50. Ne8 Nf5 51. g4 Nd4
52. Nxg7 Ne2+ 53. Kd2 Nxf4 54. Nf5 h5 55. Ng3+ Ke5 56. Nxh5 Nd5 57. h4 Nxb4 58.
Ng3 Nd5 59. Ne2 b4 60. g5 Kf5 61. Nd4+ Kg4 62. Nc6 Kxh4 63. Ne5 c3+ 64. bxc3
bxc3+ 65. Kc2 Kxg5 1/2-1/2

[Event "4. Bayer Open"]
[Site "Leverkusen"]
[Date "2007.02.26"]
[Round "5"]
[White "Werbeck, Thorsten"]
[Black "Friedsam, Manfred"]
[Result "1-0"]
[WhiteElo "2102"]
[BlackElo "1804"]
[PlyCount "53"]
[EventDate "2007.??.??"]
[EventType "swiss"]
[EventRounds "7"]
[EventCountry "GER"]
[Source "Manfred Birnkot"]
[SourceDate "2007.03.26"]

1. Nf3 e6 2. d3 d5 3. g3 g6 4. Bg2 Bg7 5. O-O Ne7 6. Nbd2 O-O 7. e4 Nd7 8. Qe2
dxe4 9. dxe4 Nc6 10. Rd1 Qe7 11. Nc4 e5 12. c3 Nf6 13. Ne3 Rd8 14. Nd5 Nxd5 15.
exd5 Qd6 16. Bh6 Ne7 17. Bxg7 Kxg7 18. Qxe5+ Qxe5 19. Nxe5 f6 20. Nc4 Nf5 21.
Re1 Kf7 22. Re4 Rb8 23. Ne3 Nxe3 24. Rxe3 c6 25. Rae1 cxd5 26. Re7+ Kg8 27. Rc7
1-0

[Event "4. Bayer Open"]
[Site "Leverkusen"]
[Date "2007.02.26"]
[Round "5"]
[White "Gnass, Arno"]
[Black "Schreiber, Peter"]
[Result "0-1"]
[WhiteElo "1783"]
[BlackElo "1711"]
[PlyCount "81"]
[EventDate "2007.??.??"]
[EventType "swiss"]
[EventRounds "7"]
[EventCountry "GER"]
[Source "Manfred Birnkot"]
[SourceDate "2007.03.26"]

1. d4 Nf6 2. c4 g6 3. g3 c6 4. Bg2 d5 5. Qc2 Bg7 6. Nd2 O-O 7. Ngf3 Nbd7 8. b3
Re8 9. Bb2 e6 10. O-O h6 11. Rfe1 Nf8 12. Rac1 Bd7 13. Ne5 N6h7 14. cxd5 exd5
15. Ndf3 Ng5 16. Nxd7 Nxf3+ 17. Bxf3 Qxd7 18. Qd2 Qf5 19. Bg2 Re6 20. Qc2 Qg5
21. h4 Qd8 22. Qd2 Qd6 23. a3 Rae8 24. b4 Nd7 25. e3 Nf6 26. Qc2 Ne4 27. Bxe4
Rxe4 28. Qe2 Bxd4 29. Bxd4 Rxd4 30. Qb2 Rde4 31. Rcd1 Qe6 32. Qb3 Qh3 33. b5 d4
34. bxc6 bxc6 35. Rd3 c5 36. Qd5 dxe3 37. Rdxe3 Rxe3 38. Rxe3 Rxe3 39. fxe3
Qxg3+ 40. Kh1 Qxh4+ 41. Kg2 0-1

[Event "4. Bayer Open"]
[Site "Leverkusen"]
[Date "2007.02.26"]
[Round "5"]
[White "Schläfer, Roland"]
[Black "Hasanovic, Huzeir"]
[Result "1-0"]
[WhiteElo "1973"]
[BlackElo "1616"]
[PlyCount "83"]
[EventDate "2007.??.??"]
[EventType "swiss"]
[EventRounds "7"]
[EventCountry "GER"]
[Source "Manfred Birnkot"]
[SourceDate "2007.03.26"]

1. e4 c5 2. Nf3 d6 3. d4 cxd4 4. Nxd4 Nf6 5. Nc3 g6 6. Be2 Bg7 7. O-O O-O 8.
Be3 Nc6 9. Nb3 Bd7 10. Kh1 Ne5 11. f4 Neg4 12. Bg1 Qc7 13. h3 Nh6 14. g4 Qc8
15. g5 Bxh3 16. Re1 Nxe4 17. Nxe4 Nf5 18. Qd3 Nh4 19. Bf2 Ng2 20. Bg3 Nxe1 21.
Rxe1 Bf5 22. Bf3 d5 23. Qxd5 Qxc2 24. Qxb7 Qxb2 25. Re2 Qb1+ 26. Kg2 Rfe8 27.
Qa6 Red8 28. Ned2 Qb2 29. Bxa8 Rxa8 30. Qb7 Rc8 31. Qxa7 Qc3 32. Qxe7 Qc6+ 33.
Kf2 Bh3 34. Qe4 Qb6+ 35. Qe3 Qc6 36. Ne4 Bg4 37. Rd2 Re8 38. Nbc5 Bf8 39. Nd7
Bg7 40. Nef6+ Bxf6 41. Qxe8+ Kg7 42. Qf8# 1-0

[Event "4. Bayer Open"]
[Site "Leverkusen"]
[Date "2007.02.26"]
[Round "5"]
[White "Glaser, Steffen"]
[Black "Erdmann, Kristian"]
[Result "0-1"]
[WhiteElo "1936"]
[BlackElo "1559"]
[PlyCount "61"]
[EventDate "2007.??.??"]
[EventType "swiss"]
[EventRounds "7"]
[EventCountry "GER"]
[Source "Manfred Birnkot"]
[SourceDate "2007.03.26"]

1. e4 e5 2. Nf3 Nc6 3. Bb5 a6 4. Bxc6 dxc6 5. O-O f6 6. d3 Bg4 7. h3 Bxf3 8.
Qxf3 Qd7 9. Nd2 O-O-O 10. a4 Ne7 11. Nb3 Ng6 12. Rd1 c5 13. Be3 Qc6 14. c3 Qb6
15. Ra3 Nf4 16. a5 Qc6 17. Bxf4 c4 18. Nd4 exd4 19. b4 cxb3 20. Rxb3 Bd6 21.
cxd4 Bxf4 22. d5 Qd6 23. Rdb1 Kb8 24. Rxb7+ Ka8 25. Qd1 Qa3 26. Qc2 Qd6 27. Qb3
Qc5 28. Kf1 Be5 29. d4 Bxd4 30. Qd3 Rd6 31. R7b4 {Zeitüberschreitung?} 0-1

[Event "4. Bayer Open"]
[Site "Leverkusen"]
[Date "2007.02.26"]
[Round "5"]
[White "Schmitz, Andreas"]
[Black "Wehr, Günter"]
[Result "1-0"]
[WhiteElo "1880"]
[BlackElo "1555"]
[PlyCount "66"]
[EventDate "2007.??.??"]
[EventType "swiss"]
[EventRounds "7"]
[EventCountry "GER"]
[Source "Manfred Birnkot"]
[SourceDate "2007.03.26"]

1. Nf3 Nf6 2. c4 c5 3. e3 Nc6 4. a3 g6 5. d4 e6 6. dxc5 Qa5+ 7. Bd2 Qxc5 8. Bc3
Bg7 9. b4 Qb6 10. c5 Qd8 11. Qc2 O-O 12. Be2 Ne7 13. O-O Nfd5 14. Bxg7 Kxg7 15.
Nc3 b6 16. Ne4 Bb7 17. Nd6 Rb8 18. Rfd1 Kg8 19. Rac1 Nc8 20. Nxb7 Rxb7 21. e4
Nde7 22. Ne5 f6 23. c6 Rc7 24. Nxd7 Rxc6 25. Nxf6+ Kf7 26. Rxd8 Rxd8 27. Qb2
Rxc1+ 28. Qxc1 Kxf6 29. f4 Kf7 30. Ba6 Nd6 31. Qc7 Ke8 32. e5 Rd7 33. Qc2 b5
1-0

[Event "4. Bayer Open"]
[Site "Leverkusen"]
[Date "2007.02.26"]
[Round "5"]
[White "Jankowiak, Frank"]
[Black "Bosbach, Jens"]
[Result "1-0"]
[WhiteElo "1694"]
[BlackElo "1867"]
[PlyCount "55"]
[EventDate "2007.??.??"]
[EventType "swiss"]
[EventRounds "7"]
[EventCountry "GER"]
[Source "Manfred Birnkot"]
[SourceDate "2007.03.26"]

1. e4 c6 2. d4 d5 3. Nc3 dxe4 4. Nxe4 Bf5 5. Ng3 Bg6 6. Nf3 Nd7 7. h4 h6 8. h5
Bh7 9. Bd3 Bxd3 10. Qxd3 e6 11. Bf4 Ngf6 12. O-O-O Nd5 13. Be5 Qa5 14. Kb1
O-O-O 15. Ne4 Nxe5 16. Nxe5 Qc7 17. c4 Nf6 18. Qf3 Bd6 19. Nxf6 Bxe5 20. dxe5
gxf6 21. Qxf6 c5 22. Rd6 Rxd6 23. exd6 Qd8 24. d7+ Kb8 25. Qxf7 Rf8 26. Qxe6
Rxf2 27. Qd6+ Ka8 28. Qxc5 1-0

[Event "4. Bayer Open"]
[Site "Leverkusen"]
[Date "2007.02.26"]
[Round "5"]
[White "Marino, Eric"]
[Black "Romaker, Johann"]
[Result "1-0"]
[WhiteElo "1623"]
[BlackElo "1863"]
[PlyCount "37"]
[EventDate "2007.??.??"]
[EventType "swiss"]
[EventRounds "7"]
[EventCountry "GER"]
[Source "Manfred Birnkot"]
[SourceDate "2007.03.26"]

1. e4 c5 2. Nc3 Nc6 3. Nf3 d6 4. d4 cxd4 5. Nxd4 Nf6 6. Bg5 Qb6 7. Bb5 Bd7 8.
Bxf6 gxf6 9. Nf5 Rc8 10. O-O a6 11. Bc4 Qc5 12. Bxf7+ Kxf7 13. Qh5+ Ke6 14. Nd5
Be8 15. Qh3 Kf7 16. Nf4 Ne5 17. Ne6 Qc4 18. Nxf8 Rxf8 19. Qxh7+ 1-0

[Event "4. Bayer Open"]
[Site "Leverkusen"]
[Date "2007.02.26"]
[Round "5"]
[White "Runte, Dirk"]
[Black "Schüppen, Heinrich"]
[Result "1/2-1/2"]
[WhiteElo "1683"]
[BlackElo "1674"]
[PlyCount "40"]
[EventDate "2007.??.??"]
[EventType "swiss"]
[EventRounds "7"]
[EventCountry "GER"]
[Source "Manfred Birnkot"]
[SourceDate "2007.03.26"]

1. d4 d5 2. c4 c6 3. Nf3 Bf5 4. e3 e6 5. Nc3 Nf6 6. Be2 Bd6 7. O-O O-O 8. c5
Bc7 9. b4 a6 10. a4 Nbd7 11. Ba3 Re8 12. b5 Ba5 13. Bb2 Bxc3 14. Bxc3 Ne4 15.
Bb2 axb5 16. axb5 Rxa1 17. Qxa1 Qa8 18. b6 Bg4 19. Qa7 Bxf3 20. gxf3 Nef6
1/2-1/2

[Event "4. Bayer Open"]
[Site "Leverkusen"]
[Date "2007.02.26"]
[Round "5"]
[White "Seelig, Jochen"]
[Black "Weinmann-Musset, Manfred"]
[Result "0-1"]
[WhiteElo "1333"]
[BlackElo "1852"]
[PlyCount "80"]
[EventDate "2007.??.??"]
[EventType "swiss"]
[EventRounds "7"]
[EventCountry "GER"]
[Source "Manfred Birnkot"]
[SourceDate "2007.03.26"]

1. Nf3 f5 2. c4 d6 3. d4 Nf6 4. Nc3 g6 5. Qc2 c6 6. e4 fxe4 7. Nxe4 Nxe4 8.
Qxe4 Bf5 9. Qe3 Bg7 10. Bd3 O-O 11. Bxf5 Qa5+ 12. Bd2 Qxf5 13. Rc1 Nd7 14. Bc3
Rae8 15. O-O b6 16. b4 e6 17. Qd2 Nf6 18. Qc2 Qh5 19. h3 d5 20. Nd2 Bh6 21. f4
Nd7 22. Qa4 Bxf4 23. Qxc6 Be3+ 24. Kh1 Nf6 25. cxd5 Qxd5 26. Qxd5 Nxd5 27.
Rxf8+ Rxf8 28. Re1 Bf2 29. Rc1 Nxc3 30. Rxc3 Bxd4 31. Rd3 e5 32. Nb3 Rf1+ 33.
Kh2 Bg1+ 34. Kg3 Bf2+ 35. Kg4 Be1 36. Rf3 h5+ 37. Kg5 Rxf3 38. gxf3 Kg7 39. h4
Bxb4 40. f4 Be7# 0-1

[Event "4. Bayer Open"]
[Site "Leverkusen"]
[Date "2007.02.26"]
[Round "5"]
[White "Granz, Thomas"]
[Black "Heilmann, Bernhard"]
[Result "1-0"]
[WhiteElo "1687"]
[BlackElo "1506"]
[PlyCount "57"]
[EventDate "2007.??.??"]
[EventType "swiss"]
[EventRounds "7"]
[EventCountry "GER"]
[Source "Manfred Birnkot"]
[SourceDate "2007.03.26"]

1. e4 c6 2. Nf3 d5 3. exd5 cxd5 4. d4 Nc6 5. Bd3 Bg4 6. Be3 Qb6 7. b3 Bxf3 8.
Qxf3 e6 9. O-O Nb4 10. Qe2 Ne7 11. Nd2 Nxd3 12. Qxd3 Nc6 13. a3 Bd6 14. c4 Qc7
15. g3 dxc4 16. bxc4 Rd8 17. Rac1 Bc5 18. d5 Ne5 19. Qb3 Bxe3 20. Qxe3 O-O 21.
dxe6 Rxd2 22. f4 Nxc4 23. Qxd2 Qb6+ 24. Qf2 Qxe6 25. Qxa7 b6 26. Rfe1 Qd5 27.
Qe7 Qd4+ 28. Kh1 Nd2 29. Qxf8+ 1-0

[Event "4. Bayer Open"]
[Site "Leverkusen"]
[Date "2007.02.26"]
[Round "5"]
[White "Witte, Volker"]
[Black "Schreiber, Gudrun"]
[Result "0-1"]
[WhiteElo "1644"]
[BlackElo "1311"]
[PlyCount "104"]
[EventDate "2007.??.??"]
[EventType "swiss"]
[EventRounds "7"]
[EventCountry "GER"]
[Source "Manfred Birnkot"]
[SourceDate "2007.03.26"]

1. d4 Nf6 2. c4 g6 3. Nc3 Bg7 4. e4 d6 5. f3 O-O 6. Be3 e5 7. d5 a5 8. Bd3 Na6
9. Nge2 b6 10. Na4 Bd7 11. Nec3 Nc5 12. Nxc5 bxc5 13. O-O Nh5 14. Qd2 f5 15.
exf5 gxf5 16. Bg5 Qe8 17. Nb5 Bxb5 18. cxb5 f4 19. Qc2 Nf6 20. Bxf6 Rxf6 21.
Bxh7+ Kh8 22. a4 Qh5 23. Be4 Rh6 24. h3 Qh4 25. Bf5 Rf8 26. Bg4 Qf6 27. Rab1
Qf7 28. Rbd1 Bf6 29. b3 Bh4 30. Qd2 Ra8 31. Qd3 Rf8 32. Rc1 Rh7 33. Rc4 Qe8 34.
Qc3 Qa8 35. Be6 Rg7 {Schwarz bietet Remis an.} 36. g4 Bf6 37. Qd2 Rh7 38. Kg2
Bh4 39. Re4 Rf6 40. Rc1 Rfh6 41. Rh1 Qa7 42. Rc4 Bg3 43. Bc8 Kg8 44. Qc2 Qa8
45. Be6+ Kh8 46. g5 Rh4 47. Qg6 Rg7 48. Qf6 Qe8 49. Rhc1 Qb8 50. Bd7 Qg8 51. b6
Qxd5 52. bxc7 Qd2+ 0-1

[Event "4. Bayer Open"]
[Site "Leverkusen"]
[Date "2007.02.26"]
[Round "5"]
[White "Fröhling, Ewald"]
[Black "Waraczynski, Herbert"]
[Result "1-0"]
[WhiteElo "1546"]
[BlackElo "1450"]
[PlyCount "109"]
[EventDate "2007.??.??"]
[EventType "swiss"]
[EventRounds "7"]
[EventCountry "GER"]
[Source "Manfred Birnkot"]
[SourceDate "2007.03.26"]

1. e4 d6 2. d4 Nf6 3. Nc3 g6 4. Nf3 Bg7 5. Be3 c6 6. Qd2 h5 7. h3 b5 8. Be2 a5
9. a3 Bb7 10. Bd3 b4 11. Ne2 bxa3 12. bxa3 Nbd7 13. O-O c5 14. Rab1 Bxe4 15.
Bxe4 Nxe4 16. Qd3 Nef6 17. dxc5 Nxc5 18. Bxc5 dxc5 19. Qxd8+ Kxd8 20. Rb5 Ne4
21. Rfb1 Kc7 22. Rb7+ Kd8 23. Rd1+ Ke8 24. Rdd7 Bf6 25. Nf4 Rd8 26. Rxd8+ Kxd8
27. Nd5 Nd6 28. Rb8+ Nc8 29. Nb6 Kc7 30. Rxc8+ Rxc8 31. Nxc8 Kxc8 32. a4 Kc7
33. Kf1 c4 34. Nd2 c3 35. Ne4 Kc6 36. Ke2 Kd5 37. Nxf6+ exf6 38. Kd3 h4 39.
Kxc3 g5 40. f3 f5 41. Kd3 f6 42. Kc3 f4 43. Kd3 f5 44. Kc3 g4 45. Kd3 gxh3 46.
gxh3 Kc5 47. c4 Kb4 48. Kd4 Kxa4 49. c5 Kb5 50. Kd5 a4 51. c6 Kb6 52. Kd6 a3
53. c7 a2 54. c8=Q a1=Q 55. Qb8+ 1-0

[Event "4. Bayer Open"]
[Site "Leverkusen"]
[Date "2007.02.26"]
[Round "5"]
[White "Liebsch, Conrad"]
[Black "van Hove, Ode"]
[Result "1-0"]
[WhiteElo "1270"]
[BlackElo "1524"]
[PlyCount "79"]
[EventDate "2007.??.??"]
[EventType "swiss"]
[EventRounds "7"]
[EventCountry "GER"]
[Source "Manfred Birnkot"]
[SourceDate "2007.03.26"]

1. e4 e5 2. Nf3 f5 3. exf5 e4 4. Nd4 Nf6 5. d3 c5 6. Nb3 Qe7 7. Be3 b6 8. Nc3
d5 9. d4 c4 10. Nc1 Bxf5 11. g3 Qf7 12. Bg2 Be7 13. O-O O-O 14. f3 exf3 15.
Rxf3 Be6 (15... Bg4 $4 16. Rxf6 $18) 16. Qf1 Nc6 17. N1e2 Bd6 18. Bg5 Qg6 19.
Bxf6 Rxf6 20. Rxf6 Qxf6 21. Qxf6 gxf6 22. Nxd5 Rf8 23. Nxf6+ Rxf6 24. Bxc6 Bg4
25. Bd5+ Kg7 26. Bxc4 Bh3 27. Nc3 Bf8 28. Ne4 Rc6 29. Bb3 Kg6 30. d5 Rc8 31. c3
Bf5 32. Nf2 Bc5 33. Kg2 Re8 34. g4 Bc8 35. Nd3 Re2+ 36. Kf3 Re3+ 37. Kg2 Rxd3
$4 (37... Re2+ $11) 38. Bc2 Ba6 39. Rd1 Kg5 40. Bxd3 1-0

[Event "4. Bayer Open"]
[Site "Leverkusen"]
[Date "2007.02.26"]
[Round "5"]
[White "Buchfelder, Gerhard"]
[Black "Teuber, Alfons"]
[Result "1-0"]
[WhiteElo "1497"]
[BlackElo "1150"]
[PlyCount "120"]
[EventDate "2007.??.??"]
[EventType "swiss"]
[EventRounds "7"]
[EventCountry "GER"]
[Source "Manfred Birnkot"]
[SourceDate "2007.03.26"]

1. e4 e5 2. Nf3 d6 3. Bc4 Nc6 4. d3 a6 5. Be3 Bg4 6. Nbd2 Be7 7. O-O Nd4 8.
Bxd4 exd4 9. h3 Bh5 10. Qe1 c5 11. e5 d5 12. Bb3 b5 13. a3 c4 14. dxc4 dxc4 15.
Ba2 Nh6 16. Qe4 O-O 17. Qxd4 Qxd4 18. Nxd4 Bc5 19. N4f3 Bg6 20. c3 Nf5 21. Bb1
Ng3 22. Re1 Bxb1 23. Raxb1 Rfe8 24. Nd4 Nh5 25. Re4 g6 26. Rbe1 Ng7 27. N2f3
Ne6 28. g3 h6 29. Kg2 Kg7 30. Rd1 Rad8 31. Re2 g5 32. Red2 Kg6 33. Nxe6 Rxd2
34. Rxd2 Rxe6 35. Rd5 Be7 36. Nd4 Rb6 37. Kf3 h5 38. Ke4 Bf8 39. f4 gxf4 40.
gxf4 Bh6 41. Nf3 f5+ 42. Ke3 a5 43. Nh4+ Kf7 44. Nxf5 Bf8 45. Ke4 b4 46. Rxa5
bxa3 47. bxa3 Rb3 48. Kd4 Rxa3 49. Rxa3 Bxa3 50. Kxc4 Bc1 51. Kd5 Bxf4 52. c4
Kg6 53. e6 Bg5 54. e7 Kf7 55. Kd6 Bxe7+ 56. Nxe7 Kf6 57. c5 Kg5 58. c6 Kh4 59.
c7 Kxh3 60. c8=Q+ Kg3 1-0

[Event "4. Bayer Open"]
[Site "Leverkusen"]
[Date "2007.02.26"]
[Round "5"]
[White "Liebsch, Felix"]
[Black "Stolzenberg, Peter"]
[Result "1/2-1/2"]
[WhiteElo "1008"]
[BlackElo "1495"]
[PlyCount "31"]
[EventDate "2007.??.??"]
[EventType "swiss"]
[EventRounds "7"]
[EventCountry "GER"]
[Source "Manfred Birnkot"]
[SourceDate "2007.03.26"]

1. e4 d5 2. exd5 Qxd5 3. Nc3 Qa5 4. Bc4 Nf6 5. d3 c6 6. Nf3 Bg4 7. O-O Nbd7 8.
Re1 O-O-O 9. Bxf7 Ne5 10. Be6+ Bxe6 11. Rxe5 Bd5 12. Bd2 Qc7 13. Bf4 e6 14.
Rxd5 Qxf4 15. Re5 Bd6 16. Rxe6 $18 1/2-1/2

[Event "4. Bayer Open"]
[Site "Leverkusen"]
[Date "2007.02.26"]
[Round "5"]
[White "Bauer, Matthias"]
[Black "Reiter, Ute"]
[Result "1-0"]
[WhiteElo "1490"]
[BlackElo "1086"]
[PlyCount "94"]
[EventDate "2007.??.??"]
[EventType "swiss"]
[EventRounds "7"]
[EventCountry "GER"]
[Source "Manfred Birnkot"]
[SourceDate "2007.03.26"]

1. e4 e5 2. Nf3 d6 3. Bc4 Bg4 4. d3 Nf6 5. Bg5 Be7 6. h3 Bd7 7. Nbd2 O-O 8. Qe2
Nc6 9. a3 Na5 10. Ba2 b6 11. O-O c5 12. b4 cxb4 13. axb4 Nc6 14. c3 Qc7 15.
Rfc1 Nd8 16. d4 Ne6 17. Be3 Nh5 18. Nxe5 Nhf4 19. Bxf4 Nxf4 20. Qc4 Qxc4 21.
Nexc4 Ne2+ 22. Kf1 Nxc1 23. Rxc1 Bb5 24. Kg1 Bg5 25. Rc2 Rad8 26. Nf3 Be7 27.
e5 d5 28. Ne3 Bd3 29. Rc1 Be4 30. Nd2 Bg5 31. Nxe4 dxe4 32. Bb1 f5 33. exf6
Rxf6 34. Ba2+ Kh8 35. Bc4 Rdf8 36. Rc2 Rc8 37. Ba6 Rb8 38. Be2 Rbf8 39. Bc4
Bxe3 40. fxe3 Rc8 41. Bf1 Rfc6 42. c4 b5 43. c5 Ra6 44. Bxb5 Ra1+ 45. Kh2 Rb8
46. c6 Rc8 47. c7 Rf1 1-0

[Event "4. Bayer Open"]
[Site "Leverkusen"]
[Date "2007.03.12"]
[Round "6"]
[White "Khanukov, Boris"]
[Black "Balduan, Markus"]
[Result "1/2-1/2"]
[WhiteElo "2297"]
[BlackElo "2299"]
[PlyCount "62"]
[EventDate "2007.??.??"]
[EventType "swiss"]
[EventRounds "7"]
[EventCountry "GER"]
[Source "Manfred Birnkot"]
[SourceDate "2007.03.26"]

1. d4 d5 2. Nf3 Nf6 3. c4 e6 4. Bg5 Be7 5. e3 O-O 6. Nc3 h6 7. Bh4 Ne4 8. Bxe7
Qxe7 9. cxd5 Nxc3 10. bxc3 exd5 11. Qc2 c5 12. dxc5 Qxc5 13. Be2 Nc6 14. O-O
Be6 15. Qb2 Na5 {Schwarz bietet Remis an.} 16. Nd4 Bd7 17. Rac1 Rac8 18. Bd3
Rc7 19. h4 Rfc8 20. Bb1 h5 21. Nf3 Nc4 22. Qe2 Bg4 23. Qd3 g6 24. Nd4 Ne5 25.
Qb5 Bd7 26. Qb3 {Weiss bietet Remis an.} a5 27. Rfe1 a4 28. Qb2 Qe7 29. g3 Qf6
30. f4 Nc4 31. Qg2 Nb6 {Schwarz bietet Remis an.} 1/2-1/2